000 00799nam a22002537a 4500
999 _c34246
_d34246
001 3598
003 CO-MdFUSB
005 20180622073138.0
008 180322t1978 sp ||||| |||| 00| 0 spa d
020 _a84-7228-373-9
040 _aCO-MdFUSB
_bspa
_cCO-MdFUSB
_dCO-MdFUSBC
_erda
041 0 _aspa
_heng
082 0 4 _aG 227.6 B8595c
100 1 _aBriscoe, D. Stuart
_eautor
245 1 0 _aCadenas de Gozo
_b : Filipenses, Una carta a Pablo desde la prisión
_c/ Stuart Briscoe
264 4 _aTerrassa, Barcelona, España :
_bCLIE,
_c©1978
300 _a205 Pag
336 _2rdacontent
_atexto
_btxt
337 _2rdamedia
_asin mediación
_bn
338 _2rdacarrier
_avolumen
_bnc
500 _aTítulo original : Bound for joy
653 _aBiblia N.T. - Filipenses - Comentarios
942 _cBK